Statistics for Rock Bands By Member #2

Click here to take the quiz!

General Stats

  • This quiz has been taken 83 times
  • The average score is 6 of 15

Answer Stats

Band MemberBand% Correct
John LennonThe Beatles
100%
Ozzy OsbourneBlack Sabbath
98%
Keith RichardsThe Rolling Stones
92%
Roger DaltreyThe Who
92%
Joe PerryAerosmith
78%
Hayley WilliamsParamore
43%
Dave MurrayIron Maiden
37%
Jim RootSlipknot
10%
Aaron LewisStaind
10%
Darren "Dizzy" ReadGuns N' Roses
8%
Chris WolstenholmeMuse
8%
Franz StahlFoo Fighters
6%
Mike EinzigerIncubus
6%
Robin FinckNine Inch Nails
4%
Dave KeuningThe Killers
2%

Score Distribution

Percentile by Number Answered

Percent of People with Each Score

Your Score History

You have not taken this quiz